000 00747nam a22002177a 4500
005 20100820143115.0
010 _aENG-101046
020 _a8120906470
_c470.00
035 _aEN-84579
037 _bDBAD/PUB
082 _a540
100 _aSaxena, Ved Prakash
_916624
245 _aA complete course in I.S.C. chemistry :
_bfor class XII /
_cby Ved Prakash Saxena
250 _a9th ed
260 _aNew Delhi
_bPitambar Publishing Company
_c2009
270 _a888, East Park Road, Karol Bagh
_bNew Delhi
_e110005
300 _av.2 (ix, various pagings)
_c28cm (pbk)
700 _915530
942 _2ddc
_cEN
_h540
_mSAX
999 _c42712
_d42712